Možnosti merania emisií pre zážihové spaľovacie motory

Guardado en:
Detalles Bibliográficos
Autor principal: Gregorík, Roman (Autor)
Otros Autores: Chríbik, Andrej (Orientador)
Formato: Manuscrito Libro
Lenguaje:eslovaco
Publicado: 2025
Materias:
Acceso en línea:http://is.stuba.sk/zp/portal_zp.pl?podrobnosti=193150
Etiquetas: Agregar Etiqueta
Sin Etiquetas, Sea el primero en etiquetar este registro!

MARC

LEADER 00000ntm a22000003a 4500
001 stuzp106628
003 SK-STU
005 20250628213105.9
007 ta
008 150427s2015----xo-----f-mn---000-0-slo-d
040 |a STU  |b slo 
041 0 |a slo 
100 1 |a Gregorík, Roman  |u 020030  |4 aut  |U SjF Strojnícka fakulta  |T SjF Ústav automobilového inžinierstva a konštruovania  |X 103960  |U J0030  |Y 806  |7 103960 
242 0 1 |a Emission Measurement Options for Spark-ignition Combustion Engines  |y eng 
245 1 0 |a Možnosti merania emisií pre zážihové spaľovacie motory 
260 |c 2025 
650 4 |a Euro 7  |2 slo 
650 4 |a Spaľovací Motor  |2 slo 
650 4 |a Emisie  |2 slo 
650 4 |a Analyzátor Spalín  |2 slo 
650 4 |a Emission  |2 eng 
650 4 |a Internal Combustion Engine  |2 eng 
650 4 |a Exhaust gas analyzer  |2 eng 
650 4 |a Euro 7  |2 eng 
700 1 |a Chríbik, Andrej  |u 020030  |k Z1  |4 ths  |U SjF Strojnícka fakulta  |T SjF Ústav automobilového inžinierstva a konštruovania  |X 26808  |U J0030  |Y 806  |7 A000026808 
856 4 |u http://is.stuba.sk/zp/portal_zp.pl?podrobnosti=193150